Datum a čas kvízu
37
Celkem bodů
Celkový počet nahraných bodů na tomto kvízu bez doplňovacích otázek.
7.
Pořadí na kvízu
Konečné umístění týmu na tomto kvízu.
Zaznamenané odpovědi
| # | Otázka | Odpověď | Body | Výsledky |
|---|---|---|---|---|
| 1. | Místopředsedou které důležité... | Ústavního soudu | 1 | |
| 2. | Který člen britské královské r... | princ Louis | 1 | |
| 3. | V pondělí se v Metropolitním m... | Met Gala | 1 | |
| 4. | Která v Česku podnikající spol... | Škoda Auto | 1 | |
| 5. | Slavia Praha se raduje ze zisk... | Panák | 1 | |
| 6. | Květnové kalendárium začneme o... | Komárno | 0 | |
| 7. | Dne 11. května 1960 byl izrael... | v Argentině | 1 | |
| 8. | Jak se jmenuje tento muž, jenž... | George Lucas | 0 | |
| 9. | Ve kterém sudém roce došlo dne... | 2006 | 0 | |
| 10. | Dne 29. května 1886 byla v den... | Coca-Colu | 1 |